TOP 20 najwyżej ocenionych zawodników w FIFA 22 - Ligue 1 Conforama - Statystyki

Ogólne statystyki
  • Ten quiz został rozwiązany 536 razy
  • Średni wynik to 14 z 20
Statystyki odpowiedzi
MIEJSCE w LIGUE 1 CONFORAMA KLUB OCENA POZYCJA PAN FRANCUZ % Poprawnych
2. Paris Saint - Germain 91 NAPASTNIK Kylian Mbappe
100%
3. Paris Saint - Germain 91 NAPASTNIK Neymar Jr.
99%
1. Paris Saint - Germain 93 NAPASTNIK Lionel Messi
98%
6. Paris Saint - Germain 88 BRAMKARZ Keylor Navas
93%
5. Paris Saint - Germain 88 OBROŃCA Sergio Ramos
88%
4. Paris Saint - Germain 89 BRAMKARZ Gianluigi Donnarumma
84%
10. Paris Saint - Germain 85 OBROŃCA Achraf Hakimi
76%
7. Paris Saint - Germain 87 POMOCNIK Marco Verratti
76%
9. Paris Saint - Germain 87 OBROŃCA Marquinhos
75%
15. Paris Saint - Germain 83 OBROŃCA Presnel Kimpembe
75%
8. Paris Saint - Germain 87 NAPASTNIK Angel Di Maria
74%
13. Paris Saint - Germain 83 NAPASTNIK Mauro Icardi
73%
11. AS Monaco 84 NAPASTNIK Wissam Ben Yedder
70%
18. Olimpique Lyon 82 BRAMKARZ Anthony Lopes
60%
12. Paris Saint - Germain 84 POMOCNIK Georgino Wijnaldum
57%
14. AS Monaco 83 NAPASTNIK Kevin Volland
52%
17. Paris Saint - Germain 82 OBROŃCA Juan Bernat
50%
16. Paris Saint - Germain 82 POMOCNIK Idrissa Gueye
40%
19. Olimpique Lyon 81 POMOCNIK Lucas Paqueta
30%
20. Paris Saint - Germain 81 POMOCNIK Danilo Pereira
29%
Nie znaleziono quizów pasujących do podanych kryteriów
Rozkład punktacji
Procent ludzi z każdym wynikiem
Percentyl według liczby udzielonych odpowiedzi
Twoja historia wyników
Nie rozwiązałeś tego quizu